| 000 | 00667nam a22002177a 4500 | ||
|---|---|---|---|
| 003 | OSt | ||
| 008 | 260306b2001 |||||||| |||| 00| 0 eng d | ||
| 020 | _a9788177586459 | ||
| 082 |
_a658.514 _bNAR-M |
||
| 100 | _aNarayanan, V. K. | ||
| 245 |
_aManaging technology and innovation for competitive advantage / _cV. K. Narayanan |
||
| 260 |
_aNoida : _bPearson, _c2001. |
||
| 300 | _axviii, 510 p. ; | ||
| 650 | _aTechnological innovations Management | ||
| 650 | _aTechnology management | ||
| 650 | _aResearch and development Management | ||
| 650 | _aNew products Management | ||
| 650 | _aStrategic planning | ||
| 650 | _aCompetitive advantage | ||
| 942 |
_2ddc _cBK |
||
| 999 |
_c21612 _d21612 |
||